Statistics for NBA Players Second Name #2

Click here to take the quiz!

General Stats

  • This quiz has been taken 6 times
  • The average score is 2 of 20

Answer Stats

HintAnswer% Correct
Magic JohnsonEarvin
50%
Draymond GreenJamal
33%
Bill RussellWilliam Felton
33%
Dwight HowardDavid
17%
Victor OladipoKehinde Babatunde
17%
Kevin GarnettMaurice
17%
Hakeem OlajuwonAbdul
0%
James WorthyAger
0%
DeMarcus CousinsAmir
0%
Kyrie IrvingAndrew
0%
Kawhi LeonardAnthony
0%
Devin BookerArmani
0%
Clyde DrexlerAustin
0%
Paul GeorgeClifton Anthony
0%
Jason KiddFrederick
0%
Damian LillardLamonte Ollie
0%
Dwyane WadeTyrone
0%
Dirk NowitzkiWerner
0%
Kevin LoveWesley
0%
Julius ErvingWinfield
0%

Score Distribution

Percentile by Number Answered

Percent of People with Each Score

Your Score History

You have not taken this quiz